000 00582nam a2200193 a 4500
001 4952
003 CO-ViMGA
008 141112s2004 ck r 000 u spa d
040 _aCO-ViMGA
_bspa
_cCO-ViMGA
082 0 4 _a636.089 O773
100 1 _aOtte, Ewald
_93134
245 1 0 _aInvestigación sobre la epidemiologia de la brucelosis bovina en Colombia :
_binforme tecnico No.1
260 _aSantafé de Bogotá :
_bICA,
_c1994
300 _a63 p
650 1 4 _aBRUCELOSIS
_93135
650 1 4 _aGANADO VACUNO - ENFERMEDADES
650 1 4 _aVETERINARIA - ENFERMEDADES
942 _2ddc
_cBK
999 _c16955
_d16955